[Event "XL San Sebastian op"]
[Site "Donostia"]
[Date "2017.04.09"]
[Round "3.2"]
[White "Narciso Dublan, Marc"]
[Black "Eizaguerri Floris, Maria"]
[Result "1-0"]
[WhiteElo "2508"]
[BlackElo "2124"]

1.d4 Nf6 2.Bg5 Ne4 3.Bf4 d5 4.e3 c5 5.Bd3 e6 6.Bxe4 dxe4 7.Nc3 cxd4 8.Qxd4
Qxd4 9.exd4 Bb4 10.Ne2 O-O 11.O-O-O f5 12.d5 Na6 13.dxe6 Bxe6 14.Nd4 Bc4 
15.Ncb5 Bxb5 16.Nxb5 Bc5 17.Rd2 Rad8 18.Rhd1 Rxd2 19.Rxd2 Re8 20.a3 h6 21.
h4 e3 22.fxe3 Bxe3 23.Bxe3 Rxe3 24.b4 Re1+ 25.Kb2 Re4 26.Nd6 Rxh4 27.Nxf5 
Rf4 28.Ne7+ Kf7 29.Nc8 Ke8 30.Nxa7 g5 31.Nb5 g4 32.Kb3 h5 33.Nd6+ Ke7 34.
Nxb7 h4 35.b5 Nb8 36.Nc5 Rf5 37.Kb4 g3 38.Nd3 Rg5 39.Ne1 Re5 40.Nf3 Re4+ 
41.Rd4 Re2 42.Nxh4 Rxc2 43.Rd3 Nd7 44.Rxg3 Nb6 45.Nf5+ Kf6 46.Nd6 Ke6 47.
Rg6+ Kd5 48.Ka5 Nd7 49.Nf5 1-0

[Event "XL San Sebastian op"]
[Site "Donostia"]
[Date "2017.04.10"]
[Round "4.7"]
[White "Iglesias Ojeda, Fernando"]
[Black "Laliena Solanes, Luis"]
[Result "1/2-1/2"]
[WhiteElo "2047"]
[BlackElo "2179"]

1.e4 c6 2.d4 d5 3.exd5 cxd5 4.Nf3 Nf6 5.Bd3 Nc6 6.O-O Bg4 7.c3 e6 8.h3 Bh5
9.Bf4 Bd6 10.Bxd6 Qxd6 11.Nbd2 O-O 12.Re1 a6 13.a4 Rab8 14.Qe2 Rfe8 15.g4 
Bg6 16.Bxg6 hxg6 17.Ne5 Qc7 18.Qd3 Nxe5 19.Rxe5 b5 20.axb5 axb5 21.b4 Rec8
22.Ra3 Qc6 23.Re1 Rc7 24.g5 Nd7 25.Nf3 Rbc8 26.Ne5 Nxe5 27.Rxe5 f6 28.gxf6
gxf6 29.Re3 Kf7 30.Qe2 Rh8 31.Qa2 Qc4 32.Qxc4 bxc4 33.Ra6 Re7 34.Kg2 g5 
35.Re1 Rd8 36.Rea1 e5 37.Rc6 exd4 38.cxd4 Rb8 39.Raa6 Rxb4 40.Rxf6+ Kg8 
41.Rg6+ Rg7 42.Rgd6 c3 43.Rxd5 Rc4 44.Ra1 c2 45.Rc1 g4 46.h4 Kh7 47.Rh5+ 
Kg8 48.Rc5 Rxd4 49.R1xc2 g3 50.Rc8+ Kh7 51.fxg3 Rxh4 52.R8c7 Rg4 53.Rxg7+ 
Kxg7 54.Kh3 Ra4 55.Rc6 Rb4 56.g4 Ra4 57.Kh4 Kg8 58.Rc7 Kh8 59.Kh5 Ra5+ 60.
g5 Ra8 61.Kh6 Ra6+ 62.g6 Ra8 63.Rf7 Kg8 64.Rh7 Rb8 65.Rf7 Ra8 66.Rf6 Ra1 
67.Rf5 Rh1+ 68.Kg5 Rg1+ 69.Kf6 Ra1 1/2-1/2

[Event "XL San Sebastian op"]
[Site "Donostia"]
[Date "2017.04.11"]
[Round "5.2"]
[White "Gascon Del Nogal, Jose Rafael"]
[Black "Narciso Dublan, Marc"]
[Result "0-1"]
[WhiteElo "2489"]
[BlackElo "2508"]

1.e4 e6 2.d4 d5 3.Nc3 Bb4 4.exd5 exd5 5.Bd3 Nf6 6.Ne2 O-O 7.O-O Re8 8.Bg5 
c6 9.Ng3 h6 10.Bf4 Nbd7 11.a3 Bf8 12.Qf3 Nc5 13.Bf5 Ne6 14.Be3 g6 15.Bxe6 
Bxe6 16.h3 Bg7 17.Qd1 Ne4 18.Nce2 Nd6 19.b3 h5 20.Nf4 h4 21.Nxe6 Rxe6 22.
Ne2 Nf5 23.Bc1 Qe7 24.Nf4 Bxd4 25.Nxe6 Bxa1 26.Bg5 Bf6 27.Bxf6 Qxf6 28.Nc5
Qc3 29.Na4 Qd4 30.Qe1 b6 31.c3 Qf6 32.Qd2 Re8 33.Re1 Rxe1+ 34.Qxe1 Qe7 35.
Qxe7 Nxe7 36.Kf1 Kg7 37.Ke2 Kf6 38.Kd3 g5 39.Ke3 Nf5+ 40.Kd3 Nd6 41.Nb2 
Ne4 42.f3 Nc5+ 43.Kc2 Kf5 44.b4 Ne6 45.a4 Nf4 46.a5 Nxg2 47.Kd2 Nf4 48.Na4
bxa5 49.bxa5 Nxh3 0-1

[Event "XL San Sebastian op"]
[Site "Donostia"]
[Date "2017.04.11"]
[Round "5.5"]
[White "Lopez De Turiso, Jose Angel"]
[Black "Becerra, Juan David"]
[Result "0-1"]
[WhiteElo "2030"]
[BlackElo "2341"]

1.d4 Nf6 2.c4 e6 3.Nc3 b6 4.e4 Bb4 5.e5 Ne4 6.Qc2 f5 7.exf6 Nxf6 8.Bd3 Bb7
9.Ne2 O-O 10.O-O Qe8 11.Ng3 Nc6 12.Nce2 Bd6 13.a3 Bxg3 14.fxg3 e5 15.Rxf6 
Rxf6 16.Bxh7+ Kh8 17.Bg5 Nxd4 18.Nxd4 exd4 19.Bxf6 Qe3+ 20.Kh1 gxf6 21.Rf1
Rf8 22.Qf5 Qe2 23.Rf2 Qe1+ 24.Rf1 Qe2 25.Rf2 Qe6 26.Qd3 Re8 27.h4 Qe1+ 28.
Rf1 Qe2 29.Rg1 Qxd3 30.Bxd3 Re3 31.Bf5 Rxg3 32.Kh2 Rb3 33.Re1 Bc6 34.Re2 
Re3 35.Rxe3 dxe3 36.Kg1 e2 37.Kf2 Bxg2 38.Kxe2 d6 39.Ke3 Kg7 40.Kf4 Bf1 
41.Be6 Bd3 42.Ke3 Bf1 43.Kf2 Bd3 44.Ke3 Bb1 45.Bg4 Kg6 46.Kf4 Bd3 47.Be6 
c6 48.Bg8 Kh5 49.Kg3 Bc2 50.Bf7+ Kh6 51.Be8 c5 52.Bc6 a5 53.Bf3 Bd3 54.Bd5
b5 55.cxb5 Bxb5 56.Kf4 Bd3 57.Ke3 Bc2 58.Kf4 Kh5 59.Kg3 Bf5 60.Bf7+ Bg6 
61.Bd5 Kh6 62.Kg4 Kg7 63.h5 Bc2 64.Kh4 Bd1 65.Bc4 Kh6 66.Bf7 Bf3 67.Be8 d5
68.Bc6 f5 69.Kg3 Be4 70.Be8 Kg5 71.Kf2 f4 72.Bf7 d4 0-1

[Event "XL San Sebastian op"]
[Site "Donostia"]
[Date "2017.04.15"]
[Round "9.3"]
[White "Stella, Andrea"]
[Black "Panelo, Marcelo"]
[Result "1/2-1/2"]
[WhiteElo "2500"]
[BlackElo "2373"]

1.d4 Nf6 2.c4 e6 3.Nc3 Bb4 4.e3 O-O 5.Ne2 d5 6.a3 Bd6 7.Ng3 c5 8.dxc5 Bxc5
9.cxd5 exd5 10.Be2 Nc6 11.O-O Bb6 12.Na4 1/2-1/2

[Event "XL San Sebastian op"]
[Site "Donostia"]
[Date "2017.04.15"]
[Round "9.8"]
[White "Laliena Solanes, Luis"]
[Black "Munoz Avila, Jose Luis"]
[Result "1/2-1/2"]
[WhiteElo "2179"]
[BlackElo "2100"]

1.e4 e5 2.Nf3 d6 3.d4 exd4 4.Qxd4 Nc6 5.Bb5 Ne7 6.Qd3 a6 7.Ba4 Ng6 8.Nc3 
Be7 9.O-O O-O 10.Nd5 Nce5 11.Nxe5 dxe5 12.Be3 b5 13.Bb3 Bb7 14.Rfd1 Nf4 
15.Nxf4 exf4 16.Bxf4 Bc5 17.Bd5 Bxd5 18.Qxd5 Bb6 19.Qf5 Qe8 20.Rd7 Rd8 21.
Rad1 Rxd7 22.Rxd7 Qe6 23.Qxe6 fxe6 24.Bg3 Rf7 25.Rxf7 Kxf7 26.Kf1 Kf6 27.
Ke2 e5 28.f3 c6 29.Bf2 Bc7 30.Bc5 Ke6 31.Kd3 Ba5 32.g3 Bc7 33.Be3 g6 34.c4
Bd6 35.b3 Be7 36.Bb6 Bb4 37.Bc7 Bc5 38.f4 Bd4 39.Bxe5 Bxe5 40.fxe5 Kxe5 
41.a3 g5 42.Ke3 bxc4 43.bxc4 c5 44.h4 g4 45.h5 h6 46.a4 a5 47.Kd3 Ke6 48.
e5 Kxe5 49.Ke3 Kf5 1/2-1/2